Statystyki dla Współczesne państwa Imperium Hiszpańskiego

Kliknij tutaj aby rozwiązać quiz!

Ogólne statystyki

  • Ten quiz został rozwiązany 7 238 razy
  • Średni wynik to 26 z 33

Odpowiedzi na mapie

Odpowiedzi skodowane kolorowo w zielono-czerwonej skali na mapie do tego quizu, zgodnie z poniższymi procentami.
 

Statystyki odpowiedzi

Państwo% Poprawnych
Stany Zjednoczone
99%
Meksyk
98%
Chile
96%
Hiszpania
96%
Argentyna
94%
Kuba
94%
Kolumbia
93%
Peru
93%
Brazylia
92%
Urugwaj
91%
Wenezuela
91%
Boliwia
90%
Ekwador
88%
Panama
88%
Paragwaj
88%
Dominikana
84%
Filipiny
80%
Gujana
79%
Honduras
79%
Kostaryka
79%
Gwatemala
75%
Nikaragua
75%
Salwador
75%
Belize
73%
Bahamy
67%
Maroko
66%
Mikronezja
56%
Palau
49%
Kanada
48%
Wyspy Marshalla
48%
Trynidad i Tobago
46%
Nauru
45%
Wielka Brytania
44%

Rozkład punktacji

Percentyl według liczby udzielonych odpowiedzi

Procent ludzi z każdym wynikiem

Twoja historia wyników

Nie rozwiązałeś tego quizu